| 000 | 00478nam a2200181Ia 4500 | ||
|---|---|---|---|
| 001 | 3518 | ||
| 005 | 20260306145649.0 | ||
| 008 | 260306t2011||||xx |||||||||||||| ||spa|| | ||
| 041 | _aESP | ||
| 082 |
_a282.85 _bZ58 |
||
| 100 |
_aZegarra Moretti, Carlos _eAUT |
||
| 245 | 0 |
_aArte, devolución y economía de Ayaviri (1781-1832): _bprimer libro de fábrica |
|
| 260 | _c2011 | ||
| 300 |
_a308 páginas : _c24 cm. |
||
| 650 | _aGEN | ||
| 654 | _aCHU | ||
| 942 |
_cLIB _dJUS _fJUS _2ddc _n |
||
| 999 |
_c3518 _d3518 |
||